[Event "Bayern-chTT (RL Nord-West)"]
[Site "Bayern 2008/09"]
[Date "2008.10.05"]
[Round "1.1"]
[White "Kliche, Alexander"]
[Black "Breithut, Kurt-Georg"]
[Result "1/2-1/2"]
[WhiteElo "2126"]
[BlackElo "2126"]
[PlyCount "51"]
[EventDate "2009.03.??"]
[EventType "team-tourn"]
[EventRounds "9"]
[WhiteTeam "Kitzingen 1"]
[BlackTeam "Bamberg-SC 2"]

1. c4 c6 2. e4 d5 3. exd5 cxd5 4. d4 Nf6 5. Nc3 e6 6. Bg5 Be7 7. Nf3 O-O 8. c5
Ne4 9. Bxe7 Qxe7 10. Qc2 Nxc3 11. Qxc3 Nc6 12. Bb5 Bd7 13. O-O Ne5 14. Nxe5
Bxb5 15. Rfe1 f6 16. a4 fxe5 17. axb5 Qf6 18. Qe3 e4 19. f3 e5 20. dxe5 Qxe5
21. fxe4 dxe4 22. b4 Rfe8 23. Rad1 Re7 24. Qd4 Qxd4+ 25. Rxd4 e3 26. Rd3
1/2-1/2

[Event "Bayern-chTT (RL Nord-West)"]
[Site "Bayern 2008/09"]
[Date "2008.10.05"]
[Round "1.2"]
[White "Schwalbe, Gerhard"]
[Black "Kannenberg, Karl-Heinz"]
[Result "0-1"]
[WhiteElo "2032"]
[BlackElo "2132"]
[PlyCount "112"]
[EventDate "2009.03.??"]
[EventType "team-tourn"]
[EventRounds "9"]
[WhiteTeam "Bamberg-SC 2"]
[BlackTeam "Kitzingen 1"]

1. d4 d5 2. Nf3 c6 3. e3 Bg4 4. b3 Nf6 5. Bb2 e6 6. Nbd2 Be7 7. Be2 Nbd7 8. O-O
O-O 9. Ne5 Bxe2 10. Qxe2 Nxe5 11. dxe5 Nd7 12. e4 Qc7 13. f4 Rae8 14. Kh1 f5
15. exf6 Bxf6 16. e5 Bd8 17. Rf3 Rf7 18. a4 Nf8 19. Ba3 Be7 20. Bxe7 Qxe7 21.
Qf2 Ng6 22. Rf1 Ref8 23. g3 b6 24. Qe3 Qb4 25. Kg2 b5 26. Qc3 c5 27. axb5 Qxb5
28. Qd3 Qb4 29. Ra1 Qb7 30. Qa6 Qb6 31. Rff1 Rb8 32. Ra4 Rc7 33. Rfa1 Kf7 34.
Qd3 Qb7 35. Kh3 Ra8 36. Ra6 Nf8 37. Nf3 h6 38. Nd2 Rc6 39. Rxc6 Qxc6 40. Qa6
Qc7 41. Nb1 Kg8 42. Nc3 Qf7 43. Qd3 Rc8 44. Ra4 c4 45. bxc4 dxc4 46. Qe4 Qh5+
47. Kg2 Rd8 48. Qe3 Qf5 49. Ne4 Rd1 50. Rxc4 Ng6 51. Nf2 Ra1 52. Qd3 Qf7 53.
Qd6 Qb7+ 54. Kh3 Qf3 55. Qxe6+ Kh7 56. Rc6 Nxf4+ 0-1

[Event "Bayern-chTT (RL Nord-West)"]
[Site "Bayern 2008/09"]
[Date "2008.10.05"]
[Round "1.3"]
[White "Kunz, Konstantin"]
[Black "Saring, Christoph Dr"]
[Result "1/2-1/2"]
[WhiteElo "2157"]
[BlackElo "2005"]
[PlyCount "98"]
[EventDate "2009.03.??"]
[EventType "team-tourn"]
[EventRounds "9"]
[WhiteTeam "Kitzingen 1"]
[BlackTeam "Bamberg-SC 2"]

1. d4 d5 2. Nf3 Nf6 3. c4 e6 4. e3 Be7 5. Bd3 dxc4 6. Bxc4 c5 7. O-O Nc6 8. Qe2
a6 9. Bb3 Bd7 10. Rd1 cxd4 11. exd4 Nb4 12. Nc3 Bc6 13. Ne5 Bd5 14. Nxd5 Nbxd5
15. Ba4+ b5 16. Bb3 O-O 17. a4 b4 18. Bg5 Qd6 19. Rac1 Rfc8 20. Qf3 Nb6 21. Nc6
Nfd5 22. Bxe7 Nxe7 23. Nxe7+ Qxe7 24. a5 Nd5 25. Bxd5 exd5 26. Qxd5 Rd8 27. Qc4
Qb7 28. Qc6 Qxc6 29. Rxc6 Rd5 30. Rb6 Rxa5 31. Rxb4 Rd5 32. g3 a5 33. Ra4 Rb8
34. Rd2 Kf8 35. Rc4 Rb7 36. Re2 f6 37. Kg2 Rbb5 38. Rcc2 Rd7 39. Rc4 Rdb7 40.
Rcc2 Rd7 41. Rc5 Rxc5 42. dxc5 Rc7 43. Rc2 Ke7 44. Kf3 Kd7 45. Ke4 Kc6 46. Kd4
Rd7+ 47. Kc4 Rb7 48. Re2 Rb4+ 49. Kc3 Rb7 1/2-1/2

[Event "Bayern-chTT (RL Nord-West)"]
[Site "Bayern 2008/09"]
[Date "2008.10.05"]
[Round "1.4"]
[White "Bizzell, Brandon"]
[Black "Basel, Matthias"]
[Result "1/2-1/2"]
[WhiteElo "1916"]
[BlackElo "1994"]
[PlyCount "44"]
[EventDate "2009.03.??"]
[EventType "team-tourn"]
[EventRounds "9"]
[WhiteTeam "Bamberg-SC 2"]
[BlackTeam "Kitzingen 1"]

1. e4 g6 2. Nf3 Bg7 3. g3 d6 4. Bg2 c5 5. O-O Nc6 6. c3 e5 7. Na3 Nge7 8. Qe2
O-O 9. Nc2 Rb8 10. Rd1 Qb6 11. Ne3 Re8 12. b3 h6 13. Bb2 Be6 14. Nc4 Qc7 15. d4
Bg4 16. dxc5 dxc5 17. Qe3 b6 18. Nd6 Red8 19. Nb5 Qb7 20. Nd6 Qc7 21. Nb5 Qb7
22. Nd6 Qc7 1/2-1/2

[Event "Bayern-chTT (RL Nord-West)"]
[Site "Bayern 2008/09"]
[Date "2008.10.05"]
[Round "1.5"]
[White "Hanft, Michael"]
[Black "Denk, Stefan(79)"]
[Result "1/2-1/2"]
[WhiteElo "1977"]
[BlackElo "1946"]
[PlyCount "58"]
[EventDate "2009.03.??"]
[EventType "team-tourn"]
[EventRounds "9"]
[WhiteTeam "Kitzingen 1"]
[BlackTeam "Bamberg-SC 2"]

1. d4 e6 2. c4 d5 3. Nc3 Nf6 4. cxd5 exd5 5. Bg5 Be7 6. e3 O-O 7. Bd3 c6 8. Qc2
h6 9. h4 b5 10. a3 a5 11. Nge2 Re8 12. Bxf6 Bxf6 13. Bh7+ Kh8 14. Bf5 Bxf5 15.
Qxf5 Qd7 16. Qxd7 Nxd7 17. Rc1 Rac8 18. g3 Nb6 19. b3 Be7 20. Nb1 c5 21. dxc5
Bxc5 22. O-O b4 23. a4 Nd7 24. Rfd1 Nf6 25. Kf1 g5 26. hxg5 hxg5 27. Rc2 Bb6
28. Rdc1 Rxc2 29. Rxc2 Ne4 1/2-1/2

[Event "Bayern-chTT (RL Nord-West)"]
[Site "Bayern 2008/09"]
[Date "2008.10.05"]
[Round "1.6"]
[White "Bucka, Reinhard"]
[Black "Kwossek, Georg"]
[Result "1-0"]
[WhiteElo "1971"]
[BlackElo "1936"]
[PlyCount "43"]
[EventDate "2009.03.??"]
[EventType "team-tourn"]
[EventRounds "9"]
[WhiteTeam "Bamberg-SC 2"]
[BlackTeam "Kitzingen 1"]

1. c4 Nf6 2. Nf3 e6 3. g3 d5 4. Bg2 Be7 5. b3 O-O 6. Bb2 c5 7. cxd5 exd5 8. O-O
Nc6 9. d4 Ne4 10. dxc5 Bxc5 11. Nc3 Be6 12. Rc1 Nxc3 13. Bxc3 Qe7 14. Nd4 Rac8
15. Qd2 Nxd4 16. Bxd4 Bxd4 17. Qxd4 Qa3 18. Rxc8 Rxc8 19. Bxd5 Rd8 20. e4 Qxa2
21. Ra1 Qxb3 22. Bxe6 1-0

[Event "Bayern-chTT (RL Nord-West)"]
[Site "Bayern 2008/09"]
[Date "2008.10.05"]
[Round "1.7"]
[White "Gernert, Ingolf"]
[Black "Weinberg, Wladimir"]
[Result "1-0"]
[WhiteElo "1971"]
[BlackElo "1923"]
[PlyCount "53"]
[EventDate "2009.03.??"]
[EventType "team-tourn"]
[EventRounds "9"]
[WhiteTeam "Kitzingen 1"]
[BlackTeam "Bamberg-SC 2"]

1. c4 Nf6 2. Nc3 g6 3. g3 Bg7 4. Bg2 O-O 5. d4 d6 6. Bf4 Nbd7 7. Nf3 c6 8. Qd2
Qa5 9. a3 e5 10. b4 Qc7 11. dxe5 dxe5 12. Bh6 Re8 13. Bxg7 Kxg7 14. e3 Nf8 15.
h3 Be6 16. Qe2 a5 17. O-O axb4 18. axb4 Qb6 19. Rab1 Ra3 20. Rfc1 Qc7 21. Qb2
Rea8 22. Nd5 Nxd5 23. cxd5 Bxd5 24. Nxe5 f6 25. Ng4 Qf7 26. Bxd5 cxd5 27. Rc7
1-0

[Event "Bayern-chTT (RL Nord-West)"]
[Site "Bayern 2008/09"]
[Date "2008.10.05"]
[Round "1.8"]
[White "Stich, Christopher"]
[Black "Degering, Florian"]
[Result "1-0"]
[WhiteElo "1951"]
[BlackElo "1990"]
[PlyCount "69"]
[EventDate "2009.03.??"]
[EventType "team-tourn"]
[EventRounds "9"]
[WhiteTeam "Bamberg-SC 2"]
[BlackTeam "Kitzingen 1"]

1. e4 g6 2. d4 Bg7 3. Nc3 d6 4. Be3 Nf6 5. f3 b6 6. Qd2 Nbd7 7. O-O-O Bb7 8. g4
h5 9. g5 Nh7 10. d5 a6 11. f4 e6 12. Nf3 Qe7 13. f5 gxf5 14. exf5 exf5 15. Nd4
Bxd4 16. Bxd4 Ne5 17. h4 f6 18. Rg1 fxg5 19. hxg5 O-O-O 20. Qf4 Rhg8 21. Qxf5+
Kb8 22. Bxe5 dxe5 23. g6 Nf6 24. Bc4 Rg7 25. Rgf1 Ng4 26. Rde1 Qc5 27. Bd3 Rh8
28. Rh1 Bc8 29. Qg5 Qf2 30. Ref1 Qe3+ 31. Qxe3 Nxe3 32. Rf3 Ng2 33. Rg3 Nf4 34.
Be4 Bg4 35. Rxg4 1-0

[Event "Bayern-chTT (RL Nord-West)"]
[Site "Bayern 2008/09"]
[Date "2008.10.05"]
[Round "1.1"]
[White "Lorenz, Mark"]
[Black "Braeutigam, Thomas"]
[Result "0-1"]
[WhiteElo "2248"]
[BlackElo "2036"]
[PlyCount "88"]
[EventDate "2009.03.??"]
[EventType "team-tourn"]
[EventRounds "9"]
[WhiteTeam "Marktleuthen 1"]
[BlackTeam "Würzburg 2"]

1. Nf3 Nf6 2. c4 b6 3. g3 c5 4. Bg2 Bb7 5. O-O g6 6. Nc3 Bg7 7. Rb1 O-O 8. a3
d6 9. d3 Nbd7 10. Bg5 Rc8 11. Qd2 a6 12. Rfd1 Rc7 13. Bh6 Qa8 14. Bxg7 Kxg7 15.
b4 h6 16. Rb3 Kh7 17. Rdb1 cxb4 18. Rxb4 a5 19. R4b2 d5 20. cxd5 Nxd5 21. Nxd5
Bxd5 22. Qe3 e6 23. Qf4 Qd8 24. h4 Rc3 25. Qd6 Rc6 26. Qf4 Rc3 27. e4 Bb7 28.
Rb3 Rxb3 29. Rxb3 Nc5 30. Rc3 Nxd3 31. Qe3 Nc5 32. Ne5 Qd1+ 33. Kh2 Qd8 34. Ng4
h5 35. Qh6+ Kg8 36. Rxc5 bxc5 37. e5 hxg4 38. Bxb7 Qc7 39. Ba6 Qxe5 40. Qd2 Qd4
41. Qe2 Rb8 42. Kg2 Rb2 43. Qe1 c4 44. Bc8 Qd5+ 0-1

[Event "Bayern-chTT (RL Nord-West)"]
[Site "Bayern 2008/09"]
[Date "2008.10.05"]
[Round "1.2"]
[White "Kuhn, Norbert"]
[Black "Kopp, Andre"]
[Result "0-1"]
[WhiteElo "2081"]
[BlackElo "2182"]
[PlyCount "94"]
[EventDate "2009.03.??"]
[EventType "team-tourn"]
[EventRounds "9"]
[WhiteTeam "Würzburg 2"]
[BlackTeam "Marktleuthen 1"]

1. e4 e5 2. d4 exd4 3. Nf3 Nc6 4. Bb5 d6 5. Nxd4 Bd7 6. O-O Be7 7. Nxc6 bxc6 8.
Bc4 Nf6 9. Nc3 O-O 10. Bf4 Rb8 11. Bb3 Be6 12. e5 Ne8 13. Qe2 d5 14. Rfe1 g6
15. Rad1 Qc8 16. Qe3 Ng7 17. Qd2 Re8 18. Bg5 Qd8 19. Bxe7 Qxe7 20. Qf4 Rb4 21.
Rd4 Nh5 22. Qd2 Reb8 23. Na4 Rxd4 24. Qxd4 Rb4 25. Qc5 Qh4 26. g3 Rg4 27. Qe3
Qh3 28. Qe2 Re4 29. Qf1 Qxf1+ 30. Rxf1 Bh3 31. Rc1 Rxe5 32. c4 d4 33. f4 Re2
34. Rc2 Re3 35. Kf2 Nf6 36. Re2 Ng4+ 37. Ke1 Rf3 38. Nc5 Ne3 39. Ne4 Rf1+ 40.
Kd2 Rb1 41. c5 Rxb2+ 42. Ke1 Rb1+ 43. Kd2 Be6 44. Kd3 Bxb3 45. axb3 Rxb3+ 46.
Kxd4 Nd5 47. Ra2 Rb4+ 0-1

[Event "Bayern-chTT (RL Nord-West)"]
[Site "Bayern 2008/09"]
[Date "2008.10.05"]
[Round "1.3"]
[White "Wilfert, Andre"]
[Black "Vogt, Thomas(67)"]
[Result "0-1"]
[WhiteElo "2009"]
[BlackElo "1895"]
[PlyCount "102"]
[EventDate "2009.03.??"]
[EventType "team-tourn"]
[EventRounds "9"]
[WhiteTeam "Marktleuthen 1"]
[BlackTeam "Würzburg 2"]

1. e4 e5 2. d4 exd4 3. Nf3 Nc6 4. Bc4 Nf6 5. O-O Nxe4 6. Re1 d5 7. Bxd5 Qxd5 8.
Nc3 Qa5 9. Nxe4 Be6 10. Neg5 O-O-O 11. Nxe6 fxe6 12. Ng5 Re8 13. Nxe6 Bd6 14.
Bd2 Qd5 15. Qg4 Kb8 16. Nxg7 Ref8 17. Qe6 Qc5 18. Re2 Be5 19. b4 Qb5 20. Rae1
Bxg7 21. Qd7 Bf6 22. Re6 a6 23. Bf4 Bd8 24. Bh6 Qf5 25. Bxf8 Rxf8 26. f3 Qxc2
27. Qg7 Qf5 28. R6e4 Qf7 29. Qh6 Rg8 30. Qd2 Bg5 31. Qe2 Be3+ 32. Kh1 Qg6 33.
Rg4 Qf7 34. Rxg8+ Qxg8 35. a4 Qb3 36. b5 axb5 37. axb5 Ne5 38. g3 Nd3 39. Rf1
Nc5 40. f4 Nd3 41. f5 Qxb5 42. f6 Qd5+ 43. Qf3 Qf7 44. Qf5 Nb4 45. Rb1 Nd5 46.
Rf1 Nxf6 47. Qxf6 Qxf6 48. Rxf6 c5 49. Rf5 d3 50. Kg2 d2 51. Rd5 Bd4 0-1

[Event "Bayern-chTT (RL Nord-West)"]
[Site "Bayern 2008/09"]
[Date "2008.10.05"]
[Round "1.4"]
[White "Ersoez, Can"]
[Black "Kirschneck, Toralf"]
[Result "0-1"]
[WhiteElo "1883"]
[BlackElo "2058"]
[PlyCount "46"]
[EventDate "2009.03.??"]
[EventType "team-tourn"]
[EventRounds "9"]
[WhiteTeam "Würzburg 2"]
[BlackTeam "Marktleuthen 1"]

1. e4 c5 2. Nf3 Nc6 3. Bb5 g6 4. Bxc6 dxc6 5. O-O Bg7 6. Nc3 Nf6 7. d3 O-O 8.
Be3 b6 9. h3 Qc7 10. Qc1 Re8 11. Bh6 Bh8 12. Qg5 Nd7 13. Rae1 Bf6 14. Qd2 e5
15. Nh2 Nf8 16. Nd1 Ne6 17. g3 Qe7 18. Ne3 Bg5 19. Nhg4 Nd4 20. f4 exf4 21.
Bxg5 Qxg5 22. Rxf4 Bxg4 23. Nxg4 Nf3+ 0-1

[Event "Bayern-chTT (RL Nord-West)"]
[Site "Bayern 2008/09"]
[Date "2008.10.05"]
[Round "1.5"]
[White "Nuernberger, Stefan"]
[Black "Posske, Thore"]
[Result "1/2-1/2"]
[WhiteElo "2051"]
[BlackElo "1939"]
[PlyCount "73"]
[EventDate "2009.03.??"]
[EventType "team-tourn"]
[EventRounds "9"]
[WhiteTeam "Marktleuthen 1"]
[BlackTeam "Würzburg 2"]

1. d4 d5 2. Nf3 Nf6 3. e3 Bg4 4. c4 e6 5. Nc3 Nbd7 6. cxd5 exd5 7. Qb3 Bxf3 8.
gxf3 Nb6 9. Bd2 a5 10. a4 Bb4 11. Bd3 Qd7 12. Nb5 Bxd2+ 13. Kxd2 O-O 14. Rac1
Rac8 15. Ke2 Nc4 16. Bxc4 dxc4 17. Qxc4 Rfe8 18. Rhg1 c6 19. Nc3 Rcd8 20. Rcd1
Rb8 21. Rg5 h6 22. Rxa5 Qc7 23. Rf5 Qd7 24. Re5 Rec8 25. Qc5 Nd5 26. Nxd5 cxd5
27. Qb5 Qh3 28. Qxd5 Rc2+ 29. Rd2 Rxd2+ 30. Kxd2 Qf1 31. Qb5 Qxf2+ 32. Qe2 Qg1
33. Rc5 Qb1 34. Rc2 Qa1 35. Qc4 Qg1 36. Qe2 Qa1 37. Qc4 1/2-1/2

[Event "Bayern-chTT (RL Nord-West)"]
[Site "Bayern 2008/09"]
[Date "2008.10.05"]
[Round "1.6"]
[White "Kinkelin, Ulrich"]
[Black "Kuespert, Helmut"]
[Result "1/2-1/2"]
[WhiteElo "1899"]
[BlackElo "1974"]
[PlyCount "76"]
[EventDate "2009.03.??"]
[EventType "team-tourn"]
[EventRounds "9"]
[WhiteTeam "Würzburg 2"]
[BlackTeam "Marktleuthen 1"]

1. e4 c5 2. Nf3 e6 3. d4 cxd4 4. Nxd4 a6 5. g3 b6 6. Bg2 Bb7 7. O-O Qc7 8. Be3
Nf6 9. Nd2 d6 10. c4 Nbd7 11. b4 Rc8 12. f4 Be7 13. Rc1 Qb8 14. Qe2 Qa8 15. Bf2
O-O 16. a3 Rc7 17. g4 Rfc8 18. g5 Ne8 19. Qg4 Nf8 20. Rce1 b5 21. cxb5 axb5 22.
f5 e5 23. Nxb5 Rc2 24. f6 Rxd2 25. fxe7 Ne6 26. Be3 Rxg2+ 27. Qxg2 Bxe4 28. Qf2
Bg6 29. Qf3 Qa6 30. Qd5 N8c7 31. Nxc7 Nxc7 32. Qa5 Qc4 33. Rc1 Qg4+ 34. Kf2 Bh5
35. Rxc7 Qf3+ 36. Kg1 Qg4+ 37. Kf2 Qf3+ 38. Kg1 Qg4+ 1/2-1/2

[Event "Bayern-chTT (RL Nord-West)"]
[Site "Bayern 2008/09"]
[Date "2008.10.05"]
[Round "1.7"]
[White "Lichtinger, Bernd"]
[Black "Bachmann, Wolfgang"]
[Result "1-0"]
[WhiteElo "2010"]
[BlackElo "1903"]
[PlyCount "145"]
[EventDate "2009.03.??"]
[EventType "team-tourn"]
[EventRounds "9"]
[WhiteTeam "Marktleuthen 1"]
[BlackTeam "Würzburg 2"]

1. e4 c5 2. Nf3 d6 3. d4 cxd4 4. Nxd4 Nf6 5. Nc3 e6 6. Be2 Be7 7. Be3 a6 8. a4
Nc6 9. O-O Qc7 10. Nb3 O-O 11. a5 e5 12. Bb6 Qb8 13. Qd2 Be6 14. f4 exf4 15.
Rxf4 Nd7 16. Be3 Nce5 17. Nd4 Nc4 18. Bxc4 Bxc4 19. b3 Be6 20. Raf1 Bf6 21.
R4f3 Be5 22. Nf5 Bxf5 23. Rxf5 f6 24. Nd5 Qd8 25. Nb6 Nxb6 26. Bxb6 Qc8 27.
Qd5+ Kh8 28. c4 Qc6 29. Rd1 Rac8 30. Rf2 Rfe8 31. Rfd2 Qxd5 32. Rxd5 Kg8 33. g3
Kf7 34. Kf2 Ke6 35. Kf3 Re7 36. Be3 Rec7 37. Bb6 Re7 38. Bf2 Rec7 39. Be3 Re7
40. Bf4 Rc6 41. Be3 Rc8 42. Bc1 Rc5 43. h3 Rec7 44. g4 Rxd5 45. exd5+ Kd7 46.
Be3 Rc8 47. Ke4 Bc3 48. Bd2 Re8+ 49. Kd3 Bxd2 50. Rxd2 Re5 51. Kd4 h5 52. Rg2
Rg5 53. b4 f5 54. Ke3 fxg4 55. hxg4 Re5+ 56. Kf3 hxg4+ 57. Rxg4 Re7 58. Kf4
Rf7+ 59. Ke4 Kc7 60. Rg6 Kd7 61. c5 dxc5 62. bxc5 Re7+ 63. Kd4 Rf7 64. Rb6 Kc8
65. Ke5 Re7+ 66. Re6 Rf7 67. c6 bxc6 68. Rxc6+ Kb7 69. Rb6+ Ka7 70. d6 Rf1 71.
d7 Re1+ 72. Kd6 Rd1+ 73. Kc7 1-0

[Event "Bayern-chTT (RL Nord-West)"]
[Site "Bayern 2008/09"]
[Date "2008.10.05"]
[Round "1.8"]
[White "Reitz, Helmut(55)"]
[Black "Kuespert, Sven"]
[Result "1-0"]
[WhiteElo "1859"]
[BlackElo "1681"]
[PlyCount "119"]
[EventDate "2009.03.??"]
[EventType "team-tourn"]
[EventRounds "9"]
[WhiteTeam "Würzburg 2"]
[BlackTeam "Marktleuthen 1"]

1. d4 d5 2. Nf3 Bg4 3. e3 e6 4. Nbd2 Bd6 5. e4 dxe4 6. Nxe4 Ne7 7. Bg5 Nbc6 8.
c3 f5 9. Nxd6+ Qxd6 10. Be2 h6 11. Bxe7 Qxe7 12. Qb3 O-O-O 13. O-O-O Qf6 14.
Rhe1 Rd6 15. Nd2 Bxe2 16. Rxe2 Re8 17. Nc4 Rd5 18. Ne3 Rdd8 19. Kb1 f4 20. Nc4
f3 21. gxf3 Qxf3 22. Rde1 Qh5 23. f4 Qf5+ 24. Re4 Qh3 25. Qc2 g5 26. R4e3 Qh5
27. fxg5 Qxg5 28. Rxe6 Rxe6 29. Rxe6 Qg1+ 30. Qc1 Qf2 31. Re1 Qxh2 32. Rh1 Qe2
33. b3 Rh8 34. Rxh6 Qe4+ 35. Kb2 Qe2+ 36. Ka3 Rxh6 37. Qxh6 Qe7+ 38. Kb2 Qe2+
39. Ka3 Qe7+ 40. Kb2 Qe2+ 41. Qd2 Qe7 42. Qd3 Qf6 43. Qh3+ Kd8 44. Qg2 Kc8 45.
Nd2 a6 46. Ne4 Qf5 47. Nc5 Qf7 48. d5 Ne5 49. Qh3+ Nd7 50. Ne6 Kb8 51. Qh8+ Ka7
52. Qd8 Qf2+ 53. Ka3 Nb6 54. d6 cxd6 55. Qxd6 Qe1 56. Nc5 Qxc3 57. Qxb6+ Kxb6
58. Na4+ Ka5 59. Nxc3 b6 60. b4# 1-0

[Event "Bayern-chTT (RL Nord-West)"]
[Site "Bayern 2008/09"]
[Date "2008.10.05"]
[Round "1.1"]
[White "Helbig, Uwe"]
[Black "Englert, Fabian"]
[Result "0-1"]
[WhiteElo "2224"]
[BlackElo "2174"]
[PlyCount "84"]
[EventDate "2009.03.??"]
[EventType "team-tourn"]
[EventRounds "9"]
[WhiteTeam "Bindlach 2"]
[BlackTeam "Klingenberg 1"]

1. d4 Nf6 2. Bg5 c5 3. d5 Qb6 4. Nc3 Qxb2 5. Bd2 Qb6 6. e4 e5 7. f4 d6 8. fxe5
dxe5 9. Nf3 Nbd7 10. Bc4 Be7 11. O-O O-O 12. Bg5 a6 13. a4 Qc7 14. Qe1 h6 15.
Be3 Ne8 16. Qg3 Kh7 17. Nh4 Nd6 18. Be2 Qd8 19. Nf5 Nxf5 20. exf5 Nf6 21. Qh3
Qa5 22. Bf2 Bd7 23. g4 Kg8 24. Qe3 Rfe8 25. h3 Rad8 26. Bc4 Qb4 27. Be2 Bc8 28.
Rab1 Qa5 29. Bc4 e4 30. Bg3 Nh7 31. Nxe4 Ng5 32. Qd3 Nxe4 33. Qxe4 Bg5 34. Qg2
Qc3 35. Ba2 Re3 36. Rb3 Qd4 37. Bf2 Rde8 38. Rd3 Qb2 39. Bxe3 Bxe3+ 40. Rxe3
Rxe3 41. Bb3 Qc3 42. Kh2 Qe5+ 0-1

[Event "Bayern-chTT (RL Nord-West)"]
[Site "Bayern 2008/09"]
[Date "2008.10.05"]
[Round "1.2"]
[White "Strobel, Walter(53)"]
[Black "Ruettinger, Johannes"]
[Result "0-1"]
[WhiteElo "2127"]
[BlackElo "2146"]
[PlyCount "82"]
[EventDate "2009.03.??"]
[EventType "team-tourn"]
[EventRounds "9"]
[WhiteTeam "Klingenberg 1"]
[BlackTeam "Bindlach 2"]

1. e4 c5 2. Nf3 a6 3. c3 b5 4. a4 Bb7 5. d3 e6 6. Nbd2 Nf6 7. Qc2 Be7 8. g3 O-O
9. Bg2 Nc6 10. O-O d5 11. Re1 Qc7 12. Nf1 Rac8 13. axb5 axb5 14. e5 Nd7 15. Qe2
d4 16. Bf4 dxc3 17. bxc3 b4 18. c4 Ra8 19. h4 Ra3 20. Rxa3 bxa3 21. Ra1 Ra8 22.
Bc1 Nd4 23. Nxd4 cxd4 24. f4 Bb4 25. Nd2 Nc5 26. Ne4 Nb3 27. Bxa3 Bxa3 28. Nf6+
gxf6 29. Rxa3 Rxa3 30. Qg4+ Kf8 31. exf6 Bxg2 32. Qg7+ Ke8 33. Qg8+ Kd7 34.
Qxf7+ Kc6 35. Qe8+ Kb7 36. f7 Bc6 37. Qxe6 Nc5 38. Qf5 Ra1+ 39. Kf2 Qe7 40. Qe5
Qxe5 41. fxe5 Ra8 0-1

[Event "Bayern-chTT (RL Nord-West)"]
[Site "Bayern 2008/09"]
[Date "2008.10.05"]
[Round "1.3"]
[White "Oehrlein, Alexander"]
[Black "Kraich, Klaus"]
[Result "0-1"]
[WhiteElo "2076"]
[BlackElo "2100"]
[PlyCount "124"]
[EventDate "2009.03.??"]
[EventType "team-tourn"]
[EventRounds "9"]
[WhiteTeam "Bindlach 2"]
[BlackTeam "Klingenberg 1"]

1. d4 d5 2. c4 e6 3. Nc3 c6 4. cxd5 exd5 5. Nf3 Nf6 6. Bf4 Be7 7. e3 Bf5 8. Bd3
Bxd3 9. Qxd3 O-O 10. O-O Re8 11. Rab1 a5 12. h3 Nbd7 13. Rfc1 Nb6 14. Nd2 Bd6
15. Bxd6 Qxd6 16. a3 Nbd7 17. Qc2 Rec8 18. b4 axb4 19. axb4 b5 20. Qb2 Nb6 21.
Ra1 g6 22. Ne2 Nc4 23. Qc3 Qe7 24. Nf4 g5 25. Nd3 g4 26. hxg4 Nxg4 27. Nxc4
bxc4 28. Ne5 Nxe5 29. dxe5 Rab8 30. Rcb1 Rb6 31. Qd4 Rcb8 32. Ra4 h5 33. Ra8
Kh7 34. Rxb8 Rxb8 35. Qf4 Qe6 36. g3 Qg6 37. Ra1 Rb7 38. Ra6 c3 39. Ra1 c2 40.
Rc1 c5 41. Qf6 cxb4 42. Qxg6+ Kxg6 43. Rxc2 Kf5 44. Kf1 b3 45. Rb2 Kxe5 46. Ke2
d4 47. Kd3 dxe3 48. Kxe3 Kf5 49. Kf3 Rb4 50. Ke3 Kg4 51. Ke2 Rb6 52. Ke3 f5 53.
Ke2 f4 54. gxf4 Kxf4 55. Ke1 Kf3 56. Kf1 Rb5 57. Ke1 h4 58. Kf1 Rb4 59. Kg1 Ke4
60. Kg2 Kd3 61. f4 Kc3 62. Rb1 Rxf4 0-1

[Event "Bayern-chTT (RL Nord-West)"]
[Site "Bayern 2008/09"]
[Date "2008.10.05"]
[Round "1.4"]
[White "Kuhn, Tobias(85)"]
[Black "Heimerdinger, Joerg"]
[Result "1-0"]
[WhiteElo "2053"]
[BlackElo "2022"]
[PlyCount "71"]
[EventDate "2009.03.??"]
[EventType "team-tourn"]
[EventRounds "9"]
[WhiteTeam "Klingenberg 1"]
[BlackTeam "Bindlach 2"]

1. e4 e6 2. b3 c5 3. Bb2 d6 4. g3 Nf6 5. Bg2 Be7 6. Ne2 Nc6 7. d4 cxd4 8. Nxd4
Nxd4 9. Qxd4 Qa5+ 10. Nd2 O-O 11. O-O Qh5 12. Rfe1 e5 13. Qd3 Ng4 14. h3 Nf6
15. g4 Qg6 16. Nf3 h5 17. Nh4 Qh7 18. Nf5 Bxf5 19. gxf5 g6 20. f4 exf4 21. e5
dxe5 22. Rxe5 Rfd8 23. fxg6 fxg6 24. Rxe7 Rxd3 25. Rxh7 Rg3 26. Rxb7 Ne4 27.
Rf1 g5 28. Kh2 Rd8 29. Bc1 Nc3 30. Rf2 h4 31. Bf1 Rd1 32. Rd2 Rxd2+ 33. Bxd2
Ne4 34. Bc4+ Kf8 35. Bb4+ Ke8 36. Re7+ 1-0

[Event "Bayern-chTT (RL Nord-West)"]
[Site "Bayern 2008/09"]
[Date "2008.10.05"]
[Round "1.5"]
[White "Tiller, Jaroslav"]
[Black "Suess, Mirco"]
[Result "1-0"]
[WhiteElo "2051"]
[BlackElo "1930"]
[PlyCount "39"]
[EventDate "2009.03.??"]
[EventType "team-tourn"]
[EventRounds "9"]
[WhiteTeam "Bindlach 2"]
[BlackTeam "Klingenberg 1"]

1. d4 d5 2. Nf3 c5 3. e3 e6 4. b3 Nf6 5. Bb2 Nbd7 6. Nbd2 Bd6 7. Ne5 Qc7 8. f4
b6 9. Bd3 Bb7 10. O-O O-O 11. Nxd7 Qxd7 12. dxc5 Bxc5 13. Bxf6 gxf6 14. Qg4+
Kh8 15. Qh4 f5 16. Qf6+ Kg8 17. Rf3 Rfc8 18. Qh6 f6 19. Rg3+ Kf7 20. Qg7+ 1-0

[Event "Bayern-chTT (RL Nord-West)"]
[Site "Bayern 2008/09"]
[Date "2008.10.05"]
[Round "1.6"]
[White "Zoeller, Bernd"]
[Black "Vojtech, Jaroslav"]
[Result "0-1"]
[WhiteElo "1904"]
[BlackElo "2131"]
[PlyCount "94"]
[EventDate "2009.03.??"]
[EventType "team-tourn"]
[EventRounds "9"]
[WhiteTeam "Klingenberg 1"]
[BlackTeam "Bindlach 2"]

1. e4 e5 2. Nf3 Nc6 3. Bb5 a6 4. Ba4 d6 5. O-O Bd7 6. c3 Nge7 7. Re1 Ng6 8. d4
Be7 9. Nbd2 O-O 10. Nf1 Nh4 11. Nxh4 Bxh4 12. Ng3 g6 13. d5 Nb8 14. Bxd7 Nxd7
15. Bh6 Re8 16. Qg4 Bf6 17. Rad1 Bg7 18. Bxg7 Kxg7 19. h4 Nf6 20. Qg5 Ng8 21.
Qg4 Qc8 22. Qxc8 Raxc8 23. h5 Rf8 24. f3 Ne7 25. hxg6 hxg6 26. Kf2 Rh8 27. Rh1
f5 28. c4 f4 29. Ne2 g5 30. g3 Ng6 31. gxf4 Nxf4 32. Nxf4 exf4 33. Ke2 Kf6 34.
Kd3 Rh4 35. Rhg1 Rh3 36. Rdf1 Rch8 37. Rg2 R8h5 38. Ke2 Ke5 39. Rfg1 Kd4 40.
Rxg5 Rxg5 41. Rxg5 Rh2+ 42. Kf1 Ke3 43. Rg2 Rh1+ 44. Rg1 Rh3 45. Rg7 Kxf3 46.
Ke1 Ke3 47. Kf1 f3 0-1

[Event "Bayern-chTT (RL Nord-West)"]
[Site "Bayern 2008/09"]
[Date "2008.10.05"]
[Round "1.8"]
[White "Teixeira, Paulo"]
[Black "Herrmann, Michael(85)"]
[Result "1/2-1/2"]
[WhiteElo "1781"]
[BlackElo "1736"]
[PlyCount "132"]
[EventDate "2009.03.??"]
[EventType "team-tourn"]
[EventRounds "9"]
[WhiteTeam "Klingenberg 1"]
[BlackTeam "Bindlach 2"]

1. d4 d5 2. Nf3 Nf6 3. Bf4 e6 4. e3 Bd6 5. Ne5 O-O 6. Bd3 Nbd7 7. Nd2 Be7 8.
Qf3 Ne8 9. Qh3 f5 10. g4 Nxe5 11. Bxe5 Bd6 12. gxf5 exf5 13. Nf3 g6 14. Qg2 Nf6
15. h4 Nh5 16. O-O-O Qe7 17. Be2 Bxe5 18. Nxe5 Ng7 19. f4 Qd6 20. h5 g5 21.
Qxg5 Qf6 22. Qg2 Qh6 23. Rdg1 Be6 24. Rh3 Rae8 25. Rg3 Re7 26. Ng6 Rff7 27.
Nxe7+ Rxe7 28. Qh2 Kf8 29. Qh4 Ke8 30. Qg5 Qxg5 31. Rxg5 Kf8 32. h6 Ne8 33. Bd3
Rf7 34. b3 c6 35. c4 a6 36. cxd5 cxd5 37. Kd2 b5 38. Rc1 Rf6 39. Rc6 Rxh6 40.
Bxf5 Rh2+ 41. Kc3 h6 42. Bxe6 hxg5 43. fxg5 Rg2 44. Bxd5 Rxg5 45. e4 a5 46. a4
Rg3+ 47. Kc2 bxa4 48. bxa4 Ke7 49. Ra6 Ra3 50. Rxa5 Nf6 51. Ra7+ Kd8 52. Bc6
Ng4 53. Kb2 Rd3 54. d5 Ne5 55. Bb5 Rd4 56. Kb3 Rxe4 57. a5 Rd4 58. Bc6 Nxc6 59.
dxc6 Rd6 60. Kb4 Rxc6 61. Kb5 Rc7 62. Ra6 Kc8 63. Ra8+ Kb7 64. Rg8 Ka7 65. a6
Rh7 66. Rg5 Rf7 1/2-1/2